| 000 | 00812nam a2200217 a 4500 | ||
|---|---|---|---|
| 008 | 210413s2013 ||||||||||||||||| || u | ||
| 020 | _a9781454817574 | ||
| 050 | _aKB 22 Sto | ||
| 100 | _aStone, Geoffrey R | ||
| 245 | 1 | 0 |
_aConstitutional law.(7th edition) _cBy Geoffrey R. Stone; Louis Michael Seidman; Cass R. Sunstein; Mark V. Tushnet; Pamela S. Karlan |
| 250 | _a7th edition | ||
| 260 |
_aUSA _c2013 |
||
| 300 | _aIxxxviii,1684 pages | ||
| 350 | _a96.55 | ||
| 650 | _aCONSTITTUTIONAL LAW--UNITED STATES | ||
| 700 | _aSunstein, Cass R | ||
| 700 | _aTushnet, Mark V | ||
| 700 | _aSeidman, Louis Micheal | ||
| 700 | _aPamela, Karlan S | ||
| 995 |
_FCBU-MAIN LIBRARY (Kitwe) _I96.55 _M1 _UAVAILABLE _WApr 14, 2021 _ZMain Library Open Access Collection |
||
| 999 |
_c38492 _d38492 |
||